Roots II Spuren (Record no. 1508)

MARC details
000 -LEADER
campo de control de longitud fija 00424nam a2200133 4500
008 - DATOS DE LONGITUD FIJA--INFORMACIÓN GENERAL
campo de control de longitud fija 759.966.9 D675r2
020 ## - NÚMERO INTERNACIONAL ESTÁNDAR DEL LIBRO
Número Internacional Estándar del Libro 3934545041
082 ## - NÚMERO DE LA CLASIFICACIÓN DECIMAL DEWEY
Número de clasificación 759.966.9
Número de ítem D675r2
100 ## - ENTRADA PRINCIPAL--NOMBRE DE PERSONA
Nombre de persona Donald Odita, Odili
9 (RLIN) 6420
245 ## - MENCIÓN DEL TÍTULO
Título Roots II Spuren
260 ## - PUBLICACIÓN, DISTRIBUCIÓN, ETC.
Lugar de publicación, distribución, etc. Alemania
Nombre del editor, distribuidor, etc. Verlag Schuster Edition
300 ## - DESCRIPCIÓN FÍSICA
Extensión 72 p.
Otras características físicas ill (col)
Dimensiones 21 x 15 cm
650 ## - PUNTO DE ACCESO ADICIONAL DE MATERIA--TÉRMINO DE MATERIA
Subdivisión general arte contemporáneo
-- arte - exhibiciones
-- Pintura
-- Nigeria
-- Arte - mujeres
-- Donald, Odili
9 (RLIN) 6421
Holdings
Estatus retirado Estado de pérdida Fuente del sistema de clasificación o colocación Estado de daño No para préstamo Biblioteca de origen Biblioteca actual Ubicación en estantería Fecha de adquisición Total de préstamos Signatura topográfica completa Código de barras Visto por última vez Precio de reemplazo Tipo de ítem Koha
    Clasificación Decimal Dewey     Biblioteca LadoV Biblioteca LadoV   28/06/2018   759.966.9 D675r2 000899 28/06/2018 28/06/2018 Material 01